A Practical guide to trade policy analysis.
| Corporate Author: | |
|---|---|
| Format: | Book |
| Published: |
Geneva:
World Trade Organization (WTO),
2012.
|
| Subjects: |
| LEADER | 00484cam a2200157 7i4500 | ||
|---|---|---|---|
| 001 | 0000029381 | ||
| 005 | 20130404090000.0 | ||
| 020 | 0 | 0 | |a 9789287038128 |
| 090 | 0 | 0 | |a I 382.7 |b WOR |
| 110 | 2 | 0 | |a World Trade Organization (WTO) |
| 245 | 2 | 2 | |a A Practical guide to trade policy analysis. |
| 260 | 0 | 0 | |a Geneva: |b World Trade Organization (WTO), |c 2012. |
| 300 | # | # | |a 232 p. |
| 650 | 0 | 0 | |a Foreign trade regulation |
| 650 | 0 | 0 | |a Trade policy |
| 999 | |a 0000032131 |b Book |c International |e Business Information Centre | ||


